000 00475nam a2200181Ia 4500
001 9844
005 20260306161748.0
008 260306t2008||||xx |||||||||||||| ||spa||
041 _aESP
082 _a468
_bM26
100 _aMartín Vivaldi, Gonzalo
_eAUT
245 0 _aCurso de redacción:
_bteoría y práctica de la composición y del estilo
260 _c2008
300 _axiv, 539 páginas :
_c24 cm.
650 _aGEN
654 _aCHU
942 _cLIB
_dJUS
_fJUS
_2ddc
_n
999 _c9844
_d9844